| 000 | 01635nam a2200241Ia 4500 | ||
|---|---|---|---|
| 003 | Ost | ||
| 005 | 20260507075221.0 | ||
| 008 | 260507s9999||||xx |||||||||||||| ||und|| | ||
| 020 | _a3369169957 | ||
| 040 | _cfsecg | ||
| 041 | _aara | ||
| 082 | _a330 | ||
| 100 |
_aالكسواني، عامر محمود _eمؤلف |
||
| 245 | 0 |
_aالتزوير المعلوماتي لعلامة التجارية : _bدراسة تحليلية تأصيلية مزودة و مدعمة بالاجندات القضائية / _c عامر محمود الكسواني |
|
| 260 |
_aعمان: _bدار الثقافة, _c2010 |
||
| 300 |
_a240 صفحة؛ _c24 سم |
||
| 504 | _aمراجع ص.237 | ||
| 520 | _aالنشأة التاريخية للعلامة التجارية ، أهمية، وظيفة و شروط العلامة التجارية ، تعريف العلامة التجارية ، العلامة التجارية وباقي مفردات الملكية الفكرية ، الجرائم المعلوماتية ، ظاهرة تزوير العلامة التجارية ، الركن المادي للتزوير و مدى إنطباقه على التزوير المعلوماتي ، الركن المعنوي لجريمة تزوير العلامة التجارية و مدى انطباقه على التزوير المعلوماتي ، عقوبة جريمة تزوير العلامة التجارية ، جريمة استعمال العلامة التجالرية المزورة معلوماتيا | ||
| 653 | _aالأسماء التجارية | ||
| 653 | _aالتزوير | ||
| 653 | _aالعلامات التجارية | ||
| 942 | _cكتاب | ||
| 999 |
_c43522 _d43522 |
||